Conservation and planning : (Record no. 61677)

MARC details
000 -LEADER
fixed length control field 01239cam a22002294a 4500
001 - CONTROL NUMBER
control field vtls003052315
003 - CONTROL NUMBER IDENTIFIER
control field MY-SjTCS
005 - DATE AND TIME OF LATEST TRANSACTION
control field 20200306170334.0
008 - FIXED-LENGTH DATA ELEMENTS--GENERAL INFORMATION
fixed length control field 110218s2004 enka b 001 0 eng
020 ## - INTERNATIONAL STANDARD BOOK NUMBER
International Standard Book Number 041527818X (hbk.)
039 #9 - LEVEL OF BIBLIOGRAPHIC CONTROL AND CODING DETAIL [OBSOLETE]
Level of rules in bibliographic description 201102181338
Level of effort used to assign nonsubject heading access points VLOAD
Level of effort used to assign subject headings 200704261508
Level of effort used to assign classification pushpa
-- 200704241625
-- malathy
082 04 - DEWEY DECIMAL CLASSIFICATION NUMBER
Classification number 720.470942
Item number HOB
100 1# - MAIN ENTRY--PERSONAL NAME
Personal name Hobson, Edward.
9 (RLIN) 283607
245 10 - TITLE STATEMENT
Title Conservation and planning :
Remainder of title changing values in policy and practice /
Statement of responsibility, etc. Edward Hobson.
260 ## - PUBLICATION, DISTRIBUTION, ETC.
Place of publication, distribution, etc. London :
Name of publisher, distributor, etc. Spon Press,
Date of publication, distribution, etc. 2004.
300 ## - PHYSICAL DESCRIPTION
Extent xii, 285 p. :
Other physical details ill. ;
Dimensions 24 cm.
504 ## - BIBLIOGRAPHY, ETC. NOTE
Bibliography, etc. note Includes bibliographical references (p. 273-282) and index.
505 0# - FORMATTED CONTENTS NOTE
Formatted contents note I. The context of conservation: 1. Contributions and contradictions - 2. The ascendance of conservation - 3. A thematic framework -- II. Conservation values in practice: 4. Survey of national conservation organisations - 5. Conservation in a post-industrial mill town - 6. Conservation in a historic market town -- III. Challenges to conservation: 7. Making the connections - 8. Conclusions -- Index.
650 #0 - SUBJECT ADDED ENTRY--TOPICAL TERM
Topical term or geographic name entry element Architecture
General subdivision Conservation and restoration
Geographic subdivision England.
9 (RLIN) 283608
650 #0 - SUBJECT ADDED ENTRY--TOPICAL TERM
Topical term or geographic name entry element City planning
Geographic subdivision England
General subdivision History
Chronological subdivision 20th century.
9 (RLIN) 283609
920 ## - Programme
Programme BLT(DIP) : 525866
Holdings
Withdrawn status Lost status Source of classification or shelving scheme Damaged status Not for loan Home library Current library Date acquired Total Checkouts Barcode Date last seen Date last checked out Copy number Koha item type Public note
    Dewey Decimal Classification     Taylor's Library-TU Taylor's Library-TU 24/04/2007 15 1001006634 05/12/2019 22/04/2013 1 Main Collection SABDx,23003,03,AD